000 00245nam a2200109Ia 4500
008 240624s9999 xx 000 0 und d
041 _aeng
082 _a828 OUT
100 _aOUTLOOK TRAVELLER
245 _aBEACH HOLIDAYS IN INDIA
365 _cRS
999 _c22898
_d22898